Quiz wiedzy o Hiszpanii - Statystyki

Ogólne statystyki
  • Ten quiz został rozwiązany 150 razy
  • Średni wynik to 5 z 10
Statystyki odpowiedzi
Zagadnienie Odpowiedź % Poprawnych
Jaka jest stolica Hiszpanii? Madryt
100%
Z jakimi państwami graniczy Hiszpania? Francja,Andora,Portugalia
91%
Na jakie jednostki administracyjne jest podzielona Hiszpania? (chodzi tu o polskie województwa) Prowincje
91%
Jaki król rządzi w Hiszpanii? (Hiszpania nie ma prezydenta lecz króla) (stan na 27.05.2020) Filip VI
82%
Jaki jest najwyższy szczyt w Hiszpanii? (Na wyspie lub na Półwyspie Iberyjskim) Pico del Teide
64%
Kto jest premierem Hiszpanii? (stan na 27.05.2020) Pedro Sánchez
36%
Jaka partia polityczna rządzi w Hiszpanii? (stan na 27.05.2020) PSOE
36%
Ile ludzi mieszka w Hiszpanii? (stan na 27.05.2020) 47 mln
18%
Jaka jest najdłuższa rzeka w Hiszpanii? Ebro
18%
Ile ludzi mieszka w stolicy Hiszpanii? (stan na 27.05.2020) 6,6 mln
0%
Nie znaleziono quizów pasujących do podanych kryteriów
Rozkład punktacji
Procent ludzi z każdym wynikiem
Percentyl według liczby udzielonych odpowiedzi
Twoja historia wyników
Nie rozwiązałeś tego quizu